| 000 | 00551nam a22001577a 4500 | ||
|---|---|---|---|
| 003 | macl | ||
| 005 | 20241018152852.0 | ||
| 008 | 241018b |||||||| |||| 00| 0 eng d | ||
| 040 | _cmacl | ||
| 082 | _a570 | ||
| 100 |
_aशर्मा अर्चना _948251 |
||
| 245 | _a37 Years NEETजीव विज्ञान चैप्टरवईज साल्व्ड पेपर्स | ||
| 260 |
_aनई दिल्ली _bअरिहंत पब्लिकैशन _c2024 |
||
| 650 |
_acomption book _982517 |
||
| 942 |
_2ddc _cC. BOOKS |
||
| 999 |
_c67058 _d67058 |
||